Public Officers' integrity survey 2007 (Record no. 16019)

MARC details
000 -LEADER
fixed length control field 00639nam a22001697a 4500
008 - FIXED-LENGTH DATA ELEMENTS--GENERAL INFORMATION
fixed length control field 160624b xxu||||| |||| 00| 0 eng d
040 ## - CATALOGING SOURCE
Original cataloging agency KABU
Transcribing agency KABU
050 ## - LIBRARY OF CONGRESS CALL NUMBER
Classification number JQ2947
Item number .A56C6K46 2007 c. 1
110 ## - MAIN ENTRY--CORPORATE NAME
Corporate name or jurisdiction name as entry element Kenya Anti-Corruption Commission (KACC)
Subordinate unit Directorate of Preventive Services
245 ## - TITLE STATEMENT
Title Public Officers' integrity survey 2007
260 ## - PUBLICATION, DISTRIBUTION, ETC. (IMPRINT)
Place of publication, distribution, etc. Nairobi
Name of publisher, distributor, etc. KACC
Date of publication, distribution, etc. 2007
300 ## - PHYSICAL DESCRIPTION
Extent xiii, 64 p.
650 ## - SUBJECT ADDED ENTRY--TOPICAL TERM
Topical term or geographic name as entry element Political Corruption
Geographic subdivision Kenya
General subdivision Prevention
650 ## - SUBJECT ADDED ENTRY--TOPICAL TERM
Topical term or geographic name as entry element Public administration
General subdivision Corrupt practices
Geographic subdivision Kenya
650 ## - SUBJECT ADDED ENTRY--TOPICAL TERM
Topical term or geographic name as entry element Civil service ethics
Geographic subdivision Kenya
942 ## - ADDED ENTRY ELEMENTS (KOHA)
Source of classification or shelving scheme Library of Congress Classification
Koha item type General Collection
Classification part JQ2947.A56C6K46 2007 c. 1
Holdings
Withdrawn status Lost status Source of classification or shelving scheme Not for loan Home library Current library Date acquired Total Checkouts Full call number Barcode Date last seen Copy number Price effective from Koha item type Shelving location
    Library of Congress Classification   Kabarak, Main Campus Kabarak, Main Campus 24/06/2016   JQ2947 .A56C6K46 2007 c. 1 026605 24/06/2016 c. 1 24/06/2016 General Collection  
    Library of Congress Classification   Kabarak, Main Campus Kabarak, Main Campus 24/06/2016   JQ2947 .A56C6K46 2007 c. 2 026604 24/06/2016 c. 2 24/06/2016 General Collection General Stacks
Designed with assistance from East African Informatics Ltd